01369nam a2200337Ia 4500001001200000003000800012006001900020007001500039008004100054010001700095020002800112020001800140020001800158040002100176035002100197050002700218082002100245100002900266245013500295260005100430300003000481504005100511533015200562600003500714610005300749650004000802655002900842710001700871856012600888999001701014ebr10712861CaPaEBRm o u cr cn|||||||||860611s1987 gr bc sb s001 0beng d z 98616025  z0820309079 (alk. paper) z9780820309071 z9780820346250 aCaPaEBRcCaPaEBR a(OCoLC)84293281014aE467.1.L55bP57 1987eb04a973.7/3/09242191 aPiston, William Garrett.10aLee's tarnished lieutenanth[electronic resource] :bJames Longstreet and his place in southern history /cWilliam Garrett Piston. aAthens :bUniversity of Georgia Press,cc1987. axv, 252 p. :bmaps, port. aIncludes bibliographical references and index. aElectronic reproduction.bPalo Alto, Calif. :cebrary,d2013.nAvailable via World Wide Web.nAccess may be limited to ebrary affiliated libraries.10aLongstreet, James,d1821-1904.10aConfederate States of America.bArmyxBiography. 0aGeneralszUnited StatesxBiography. 7aElectronic books.2local2 aebrary, Inc.40uhttp://site.ebrary.com/lib/rucke/Doc?id=10712861zAn electronic book accessible through the World Wide Web; click to view c17082d17082